| Tag |
First Indicator |
Second Indicator |
Subfields |
| LEADER |
00000cam a22000008a 4500 |
| 001 |
in00000008702 |
| 005 |
20151003080029.0 |
| 008 |
870330s1987 ilua b 00110 eng |
| 010 |
|
|
|a 87006051
|
| 020 |
|
|
|a 0226646955
|
| 020 |
|
|
|a 0226646963 (pbk.)
|
| 035 |
|
|
|a (OCoLC)15550758
|
| 035 |
|
|
|9 AAA1103AM
|
| 040 |
|
|
|a DLC
|c DLC
|d m/c
|d TXA
|d UtOrBLW
|
| 043 |
|
|
|a poci---
|
| 050 |
0 |
0 |
|a GN671.C3
|b P37 1987
|
| 082 |
0 |
|
|a 996/.6
|2 19
|
| 100 |
1 |
|
|a Parmentier, Richard J.,
|d 1948-
|
| 245 |
1 |
4 |
|a The sacred remains :
|b myth, history, and polity in Belau /
|c Richard J. Parmentier.
|
| 263 |
|
|
|a 8711
|
| 264 |
|
1 |
|a Chicago :
|b University of Chicago Press,
|c 1987.
|
| 300 |
|
|
|a xxiii, 341 pages :
|b illustrations
|
| 336 |
|
|
|a text
|b txt
|2 rdacontent
|
| 337 |
|
|
|a unmediated
|b n
|2 rdamedia
|
| 338 |
|
|
|a volume
|b nc
|2 rdacarrier
|
| 500 |
|
|
|a Based on the author's thesis (doctoral -- University of Chicago, 1981)
|
| 504 |
|
|
|a Bibliography: pages 317-335.
|
| 500 |
|
|
|a Includes index.
|
| 650 |
|
0 |
|a Ethnology
|z Palau.
|
| 651 |
|
0 |
|a Palau
|x History.
|
| 651 |
|
0 |
|a Palau
|x Social life and customs.
|
| 999 |
|
|
|a MARS
|
| 999 |
f |
f |
|s 7f43e62b-9b3c-39df-9af1-474f499a2393
|i 65aa105a-4ed8-39ba-8805-117ac8365707
|t 0
|
| 952 |
f |
f |
|p ric
|a Texas A&M University
|b Rellis Campus
|c Joint Library Facility
|d Remote Storage
|t 0
|e GN671.C3 P37 1987
|h Library of Congress classification
|i unmediated -- volume
|m A14812562497
|
| 998 |
f |
f |
|a GN671.C3 P37 1987
|t 0
|l Remote Storage
|